|
|
|
|
| LEADER |
01425nam a2200373 a 4500 |
| 001 |
EBC476236 |
| 003 |
MiAaPQ |
| 005 |
20200520144314.0 |
| 006 |
m o d | |
| 007 |
cr cn||||||||| |
| 008 |
031017s2003 dcua sb 001 0 eng d |
| 010 |
|
|
|z 2003273639
|
| 020 |
|
|
|z 0821354108
|
| 035 |
|
|
|a (MiAaPQ)EBC476236
|
| 035 |
|
|
|a (Au-PeEL)EBL476236
|
| 035 |
|
|
|a (CaPaEBR)ebr10044935
|
| 035 |
|
|
|a (CaONFJC)MIL8634
|
| 035 |
|
|
|a (OCoLC)727645662
|
| 040 |
|
|
|a MiAaPQ
|c MiAaPQ
|d MiAaPQ
|
| 050 |
|
4 |
|a HF3784
|b .I53 2003
|
| 245 |
0 |
0 |
|a India and the WTO
|h [electronic resource] /
|c Aaditya Mattoo and Robert M. Stern, editors.
|
| 246 |
3 |
|
|a India and the World Trade Organization
|
| 260 |
|
|
|a Washington, D.C. :
|b World Bank ;
|a [Oxford] :
|b Oxford University Press,
|c c2003.
|
| 300 |
|
|
|a xi, 388 p. :
|b ill.
|
| 504 |
|
|
|a Includes bibliographical references and index.
|
| 533 |
|
|
|a Electronic reproduction. Ann Arbor, MI : ProQuest, 2015. Available via World Wide Web. Access may be limited to ProQuest affiliated libraries.
|
| 610 |
2 |
0 |
|a World Trade Organization
|z India.
|
| 651 |
|
0 |
|a India
|x Foreign economic relations.
|
| 651 |
|
0 |
|a India
|x Economic policy.
|
| 655 |
|
4 |
|a Electronic books.
|
| 700 |
1 |
|
|a Mattoo, Aaditya.
|
| 700 |
1 |
|
|a Stern, Robert M.
|q (Robert Mitchell),
|d 1927-
|
| 710 |
2 |
|
|a ProQuest (Firm)
|
| 856 |
4 |
0 |
|u https://ebookcentral.proquest.com/lib/matrademy/detail.action?docID=476236
|z Click to View
|